Marketingová stratégia a jej miesto v riadení skúmaného podniku : Záverečná práca

Gespeichert in:
Bibliographische Detailangaben
1. Verfasser: Jančiová, Vlasta (Verfasst von)
Weitere Verfasser: Jedlička, Milan, 1947- (xxx)
Format: Manuskript Buch
Sprache:Slowakisch
Veröffentlicht: Trnava : STU v Bratislave MtF KMK, 1998
Schlagworte:
Tags: Tag hinzufügen
Keine Tags, Fügen Sie das erste Tag hinzu!

MARC

LEADER 00000ntm a22000003a 4500
001 stu75014
005 20160719155050.5
008 020314s1998----xo------------------slo-d
040 |a STU  |b slo 
041 0 |a slo 
044 |a xo 
100 1 |a Jančiová, Vlasta  |4 aut 
245 1 |a Marketingová stratégia a jej miesto v riadení skúmaného podniku :  |b Záverečná práca 
260 |a Trnava :  |b STU v Bratislave MtF KMK,  |c 1998 
300 |a 53 s  |c abstr. 
650 7 |a stratégia marketingová  |2 stusub 
650 7 |a manažment priemyselných podnikov  |2 stusub 
700 1 |a Jedlička, Milan,  |d 1947-  |4 xxx  |u M190  |U MTF Materiálovotechnologická fakulta  |T MTF Katedra priemyselného inžinierstva a manažmentu  |X 1488  |U M190  |Y 167  |7 A000001488 
996 |b 284M041883  |c M*DP-1013  |l MMSKP  |s P  |a 0  |w stu75014_0001